Top 20 Young Thug Song - Statistics

General Stats
  • This quiz has been taken 31 times
  • The average score is 9 of 20
Answer Stats
# Album Score Song % Correct
9 So much fun 90 Hot
80%
1 Slime Season 3 93 Digits
76%
3 Barter 6 93 Check
72%
10 Slime season 90 Power
60%
2 Jeffery 93 Wyclef Jean
60%
8 Beautiful Thugger Girls 90 Relationship
56%
13 Barter 6 89 With That
56%
14 So much fun 89 The London
52%
6 Slime Season 3 91 With Them
52%
7 Jeffery 90 Pick up the phone
48%
16 Barter 6 89 Halftime
44%
4 Slime Season 92 Best Friend
40%
11 So much fun 90 Mannequin challenge
36%
17 Beautiful Thugger Girls 88 Family Don't Matter
32%
20 I'm Up 88 Hercules
32%
15 I'm Up 89 F Cancer
28%
18 Barter 6 88 Just Might Be
20%
5 On the Run 92 High
12%
19 Slime Season 2 88 My baby
12%
12 Slime season 2 90 Thief on the night
0%
No matching quizzes found
Score Distribution
Percent of People with Each Score
Percentile by Number Answered
Your Score History
You have not taken this quiz